书目信息 |
| 题名: |
钢筋混凝土结构构件截面计算实例
|
|
| 作者: | ;冶金工业部贵阳铝镁设计院 , 第一机械工业部第二设计院 编 | |
| 分册: | ||
| 出版信息: | 北京 中国建筑工业出版社 1980 |
|
| 页数: | 280页 | |
| 开本: | 19cm | |
| 丛书名: | ||
| 单 册: | ||
| 中图分类: | TU371 | |
| 科图分类: | ||
| 主题词: | 钢筋混凝土结构 , 混凝土结构 | |
| 电子资源: | ||
| ISBN: | ||
| 000 | 00964nam0 2200253 45 | |
| 001 | 0180003801 | |
| 005 | 20060421104752.03 | |
| 010 | @dCNY0.66 | |
| 091 | @a15040.3633 | |
| 100 | @a19950704d1980 em y0chiy0121 ea | |
| 101 | 0 | @achi |
| 102 | @aCN@b110000 | |
| 105 | @ay z 000yy | |
| 200 | 10 | @a钢筋混凝土结构构件截面计算实例@Agang jin hun ning tu jie gou gou jian jie mian ji suan shi li@f冶金工业部贵阳铝镁设计院,第一机械工业部第二设计院编@Fye jin gong ye bu gui yang lu mei she ji yuan,di yi ji xie gong ye bu di er she ji yuan bian |
| 210 | @a北京@c中国建筑工业出版社@d1980 | |
| 215 | @a280页@d19cm | |
| 606 | 0 | @a钢筋混凝土结构 |
| 606 | 0 | @a混凝土结构 |
| 690 | @aTU371 | |
| 711 | 0 | @a冶金工业部贵阳铝镁设计院@Aye jin gong ye bu gui yang lu mei she ji yuan@4编 |
| 711 | 0 | @a第一机械工业部第二设计院@Adi yi ji xie gong ye bu di er she ji yuan@4编 |
| 801 | 2 | @aCN@bNLC@c20060421 |
| 801 | 0 | @aCN@b上海图书馆@c20040517 |
| 905 | @f1@b111532@dTU371@e59 | |
| 钢筋混凝土结构构件截面计算实例/冶金工业部贵阳铝镁设计院,第一机械工业部第二设计院编.-北京:中国建筑工业出版社,1980 |
| 280页;19cm |
| ISBN :CNY0.66 |
| ● |
| 相关链接 |
|
|
|
|
正题名:钢筋混凝土结构构件截面计算实例
索取号:TU371/59
 
预约/预借
| 序号 | 登录号 | 条形码 | 馆藏地/架位号 | 状态 | 备注 |
| 1 | 0111531 | 202246435 | 密集书库/ [索取号:TU371/59] | 在馆 | |
| 2 | 0111532 | 001484833 | 第三借阅区/ [索取号:TU371/59] | 在馆 | |
| 3 | 0111533 | 202254087 | 密集书库/ [索取号:TU371/59] | 在馆 | |
| 4 | 0111534 | 202254041 | 密集书库/ [索取号:TU371/59] | 在馆 | |
| 5 | 0111535 | 001484824 | 第二样本阅览室/ [索取号:TU371/59] | 在馆 |